| 000 | 00361nam a2200157Ia 4500 | ||
|---|---|---|---|
| 008 | 210210b1956 xxu||||| |||| 00| 0 eng d | ||
| 041 | _aeng | ||
| 082 | _a828/118 | ||
| 100 | _aBURTON (Josphine) | ||
| 245 | _aCrippled victory | ||
| 260 |
_aLondon _bSheed & Ward _c1956 |
||
| 650 | _avictory | ||
| 650 | _aCrippled | ||
| 690 | _aBiography | ||
| 906 | _a015963 | ||
| 999 |
_c135353 _d135353 |
||